Normal view
MARC view
Entry Topical Term
001 - CONTROL NUMBER
- control field: 159243
003 - CONTROL NUMBER IDENTIFIER
- control field: OSt
005 - DATE AND TIME OF LATEST TRANSACTION
- control field: 20220923211200.0
008 - FIXED-LENGTH DATA ELEMENTS
- fixed length control field: 220923|| aca||aabn | a|a d
040 ## - CATALOGING SOURCE
- Original cataloging agency: OSt
- Transcribing agency: OSt
150 ## - HEADING--TOPICAL TERM
- Topical term or geographic name entry element: असमी कहानी
670 ## - SOURCE DATA FOUND
- Source citation: Work cat.: (OSt)296447: महंत, जयश्री गोस्वामी; दिनकर कुमार, अनु. 159242, नारी तुम अनन्या हो, 2007
